| 000 | 00392 a2200157 4500 | ||
|---|---|---|---|
| 001 | 73231 | ||
| 020 | _a8516033724 | ||
| 040 | _cAnchieta - Colégio São Paulo | ||
| 100 | _aPasqualin, Ernesto | ||
| 240 | 1 | 0 |
_aNew our way _lpor |
| 245 | 1 | 0 | _aNew our way |
| 300 | _a144 | ||
| 362 | 0 | _a2003 | |
| 650 | 4 | _aUso padrão do inglês (linguística prescritiva); Linguística aplicada | |
| 942 | _cBK | ||
| 999 |
_c73231 _d73231 |
||